Multiple Choice City Quiz - Reykjavik - Statistics

General Stats
  • This quiz has been taken 115 times
  • The average score is 6 of 10
Answer Stats
Question Answer % Correct
Which of these movies has at least one scene in Reykjavik? Thor: The Dark World
84%
Pórufoss and Gulfoss are What? Waterfalls
76%
What Country took over Reykjavik in 1380? Denmark
69%
Which of these pictures are in Reykjavik
67%
Which of these facts is true about Reykjavik? Reykjavik is the northernmost capital city.
66%
The tallest building in Reykjavik is what? Church
55%
When translated to English, what does Reykjavik mean? Smoky Bay
54%
What is the Flag of Reykjavik?
44%
Who is the founder of Reykjavik? Ingólfur Arnarson
44%
What animal got banned in Reykjavik from 1924 to 1984? Dogs
14%
No matching quizzes found
Score Distribution
Percent of People with Each Score
Percentile by Number Answered
Your Score History
You have not taken this quiz